000 00625nam a2200205Ia 4500
003 OSt
005 20260108115325.0
008 008 250505s9999 xx 000 0 eng d
037 _aTextbook
040 _aFEDL
_beng
_cFEDL
041 _aeng
_2eng
082 _a305.4, NEH
100 _aChanana Karuna
_9863014
245 0 _aSocialisation education and women: Explorations in gender identity
245 0 _cNehru Memorial Museum and Library
260 _aNew Delhi, India
_bOrient Longman Limited
_c1988
300 _a320p.
942 _cTB
_h305.4, NEH
_2ddc
_n0
999 _c1378483
_d1378483